QUEST Central Library Banner

An Introduction to Computer Science: an algorithmic approach (Record no. 14756)

MARC details
000 -LEADER
fixed length control field 00751nam a22002537a 4500
003 - CONTROL NUMBER IDENTIFIER
control field PK-NaQUE
005 - DATE AND TIME OF LATEST TRANSACTION
control field 20260306113141.0
008 - FIXED-LENGTH DATA ELEMENTS--GENERAL INFORMATION
fixed length control field 260306b ||||| |||| 00| 0 eng d
020 ## - INTERNATIONAL STANDARD BOOK NUMBER
International Standard Book Number 0071003487 (paperback)
020 ## - INTERNATIONAL STANDARD BOOK NUMBER
International Standard Book Number 9780071003483 (paperback)
040 ## - CATALOGING SOURCE
Transcribing agency QUEST
082 ## - DEWEY DECIMAL CLASSIFICATION NUMBER
Classification number 001.642TRE
100 ## - MAIN ENTRY--PERSONAL NAME
Personal name Tremblay, Jean-Paul
245 ## - TITLE STATEMENT
Title An Introduction to Computer Science: an algorithmic approach
250 ## - EDITION STATEMENT
Edition statement 2nd edition.
260 ## - PUBLICATION, DISTRIBUTION, ETC. (IMPRINT)
Place of publication, distribution, etc London:
Name of publisher, distributor, etc McGraw Hill,
Date of publication, distribution, etc 1989.
300 ## - PHYSICAL DESCRIPTION
Extent 426p. ;
650 ## - SUBJECT ADDED ENTRY--TOPICAL TERM
Topical term or geographic name as entry element Computer programming
650 ## - SUBJECT ADDED ENTRY--TOPICAL TERM
Topical term or geographic name as entry element Data structures (Computer science)
650 ## - SUBJECT ADDED ENTRY--TOPICAL TERM
Topical term or geographic name as entry element Computer algorithms
650 ## - SUBJECT ADDED ENTRY--TOPICAL TERM
Topical term or geographic name as entry element Algorithms
856 ## - ELECTRONIC LOCATION AND ACCESS
Uniform Resource Identifier <a href="http://10.10.170.122:8080/browse/book/27524">http://10.10.170.122:8080/browse/book/27524</a>
Link text Download eBook
942 ## - ADDED ENTRY ELEMENTS (KOHA)
Koha item type Books
Source of classification or shelving scheme Dewey Decimal Classification
Holdings
Withdrawn status Lost status Damaged status Not for loan Home library Current library Date acquired Total Checkouts Full call number Barcode Checked out Date last seen Date checked out Price effective from Koha item type Shelving location Cost, normal purchase price
        Central Library, QUEST, Nawabshah Central Library, QUEST, Nawabshah 24/11/2015 1 001.642TRE 13147 23/02/2016 02/02/2016 02/02/2016 24/11/2015 Books    
        Central Library, QUEST, Nawabshah Central Library, QUEST, Nawabshah 29/09/2014   001.642TRE 15157   06/03/2026   06/03/2026 Books    
        Central Library, QUEST, Nawabshah Central Library, QUEST, Nawabshah 29/09/2014   001.642TRE 15158   06/03/2026   06/03/2026 Books    
        Central Library, QUEST, Nawabshah Central Library, QUEST, Nawabshah 20/05/2014   001.642TRE 14429   06/03/2026   06/03/2026 Books   341.77
        Reference Section Reference Section 25/09/2014   001.642 TRE (Shelf-31D) 15093   06/03/2026   06/03/2026 Books Reference  

Copyright © 2018,The QUEST, Nawabshah, Shaheed Benazirabad. All rights reserved
Mr. G. Farooq Channar (Librarian) QUEST, Nawabshah, Sindh, Pakistan 67480.
 Ph#: |   0244-9370381-4 Ext. 2308   Email| lib@quest.edu.pk   Web|  http://www.quest.edu.pk